200 Most Popular Baby Girl Names Starting with A (2022) - Statistics

General Stats
  • This quiz has been taken 20,481 times
    12,162 since last reset
  • The average score is 79 of 200
Answer Stats
Name % Correct
Ann
97%
Anne
97%
Allie
96%
Ana
94%
Anna
94%
Ari
86%
Ava
84%
Avah
84%
Annie
83%
Amy
82%
Aarya
81%
Araya
81%
Aria
81%
Ariah
81%
Ariya
81%
Ariyah
81%
Arya
81%
Amelia
78%
Abigail
77%
Alice
77%
Alexa
76%
Abby
75%
Alison
75%
Alisson
75%
Allison
75%
Allyson
75%
Ashley
73%
Ariana
70%
Arianna
70%
Alexandra
69%
Ada
68%
Angel
66%
Annabelle
66%
Aaliyah
65%
Aleah
65%
Alia
65%
Aliah
65%
Alicia
65%
Alisha
65%
Aliya
65%
Aliyah
65%
Amanda
65%
Andrea
64%
Averi
64%
Averie
64%
Avery
64%
Addison
61%
Addisyn
61%
Addyson
61%
Audrey
60%
Aura
60%
Adrienne
59%
Alyssa
59%
Amber
59%
Aurora
58%
Alexis
57%
Angela
57%
Alana
55%
Alanna
55%
Aleena
55%
Alena
55%
Alina
55%
Aubree
54%
Aubrey
54%
Aubrie
54%
Ariel
52%
Arielle
52%
Adriana
51%
Adrianna
51%
Angelina
51%
Adele
50%
Alexandria
48%
April
48%
Athena
48%
Adela
46%
Andi
46%
Andie
46%
Angelica
46%
Adaline
45%
Adeline
45%
Amelie
43%
Agnes
41%
Aislinn
41%
Alexia
41%
Ashlyn
41%
Ashlynn
41%
Adelaide
40%
Amara
40%
Amora
40%
Amoura
40%
Anastasia
40%
Anya
40%
Arabella
39%
Autumn
39%
Aila
37%
Amaia
37%
Amaya
37%
Amayah
37%
Amia
37%
Amiyah
37%
Ayla
37%
Angie
36%
Ariella
36%
August
36%
Aya
34%
Ayah
34%
Alma
33%
Amina
33%
Aminah
33%
Astrid
33%
Amira
32%
Amirah
32%
Amyra
32%
Annalise
32%
Aisha
31%
Adalee
30%
Alessandra
29%
Adalyn
28%
Adalynn
28%
Addilyn
28%
Addilynn
28%
Adelyn
28%
Adelynn
28%
Aspen
27%
Aspyn
27%
Amalia
26%
Aurelia
26%
Ainsley
25%
Aileen
24%
Alora
24%
Amari
24%
Anika
24%
Annika
24%
Ayleen
24%
Alaina
23%
Alayna
23%
Amiri
23%
Austyn
23%
Avalynn
23%
Azalea
23%
Adelina
22%
Alessia
22%
Aliana
22%
Alianna
22%
Anaya
21%
Aniya
21%
Aniyah
21%
Alivia
20%
Angelique
20%
Alani
19%
Alaia
18%
Alaiya
18%
Alaya
18%
Alayah
18%
Aleia
18%
Alejandra
17%
Amethyst
16%
Aviana
16%
Avianna
16%
Avyanna
16%
Armani
15%
Artemis
15%
Aiyana
13%
Alondra
13%
Amani
13%
Ariadne
13%
Ayana
13%
Ayanna
13%
Aylin
13%
Adley
12%
Anais
12%
Arden
12%
Ayra
11%
Aliza
10%
Aubrielle
10%
Analia
9%
Ansley
9%
Antonella
9%
Aubriella
9%
Aitana
8%
Azaria
8%
Azariah
8%
Araceli
7%
Arlet
7%
Arleth
7%
Arlette
7%
Abril
6%
Ailani
5%
Ailany
5%
Amaris
5%
Anahi
5%
Arely
5%
Avani
5%
Aylani
5%
Aarna
4%
Ainhoa
4%
Avayah
4%
Aadhya
2%
Arisbeth
2%
Arizbeth
2%
No matching quizzes found
Score Distribution
Percent of People with Each Score
Percentile by Number Answered
Your Score History
You have not taken this quiz since the last reset